[Event "Zuerich op-A 16th"]
[Site "Zuerich"]
[Date "1992.??.??"]
[Round "?"]
[White "Lendwai, Reinhard"]
[Black "Wohlfahrt, Herbert J"]
[Result "1-0"]
[WhiteElo "2415"]
[BlackElo "2205"]
[PlyCount "65"]
[EventDate "1992.12.26"]
[EventType "swiss"]
[EventRounds "7"]
[EventCountry "SUI"]
[SourceTitle "TD"]
[Source "ChessBase"]
[SourceDate "1994.03.01"]
[SourceVersion "1"]
[SourceVersionDate "1994.03.01"]
[SourceQuality "1"]

1. e4 c5 2. d4 cxd4 3. c3 dxc3 4. Nxc3 e6 5. Nf3 Nc6 6. Bc4 Bc5 7. O-O Nge7 8. a3 ({RR} 8. Bg5 a6 9. Rc1 b5 10. Bd5 Qb6 11. Ne5 Bb7 12. Bxe7 Bxe7 13. Nxd7 Qc7 14. Nc5 Bxc5 15. Nxb5 Qb6 16. Rxc5 axb5 17. Bxc6+ Bxc6 18. Qd6 Rc8 19. Rfc1 Rd8 20. Qxc6+ Qxc6 21. Rxc6 Ke7 22. R6c5 Rb8 {Tavernier,L (2063)-Adam,E (2249) chess.com INT 2025 1-0 (61)}) 8... Ng6 ({RR} 8... a6 9. b4 Ba7 10. Bf4 b5 11. Bb3 O-O 12. Qd3 Ng6 13. Bd6 Re8 14. Rfd1 Bb7 15. h4 Nxh4 16. Nxh4 Qxh4 17. Bg3 Qf6 18. Qxd7 Qxc3 19. Qxb7 Qxb3 20. Kh2 Nd4 21. Be5 Bb8 22. f4 Bxe5 23. fxe5 {Haag,E (2380)-Abel,L (2325) Kecskemet 1989 0-1}) 9. b4 Bb6 $146 ({RR} 9... Be7 10. Bb2 O-O 11. Ba2 d6 12. Qe2 Bd7 13. Rfd1 a6 14. Qd2 b5 15. Ne2 Rc8 16. Ng3 Re8 17. Nh5 f6 18. Rac1 Qb6 19. Nf4 Nxf4 20. Qxf4 Ne5 21. Rxc8 Bxc8 22. Nxe5 dxe5 23. Qg4 {½-½ (23) Ojanen,J (2017)-Virtanen,A (2327) Finland 2004}) ({RR} 9... Be7 10. Ba2 O-O 11. Qe2 a6 12. Be3 b5 13. Rfd1 Bb7 14. g3 Rc8 15. Rac1 Nce5 16. Nd4 Nc4 17. a4 Nxe3 18. Qxe3 Bxb4 19. axb5 axb5 20. Ndxb5 Ne5 21. Bb3 Bc5 22. Qe2 Ba6 23. Kg2 Bb7 24. Na4 {Soares,L (2009)-Alsina Leal,D (2487) Montesilvano ITA 2024 0-1}) 10. Bb2 O-O 11. Bb3 d6 12. Nb5 Nce5 13. Kh1 Nxf3 14. Qxf3 a6 15. Nd4 Qh4 16. Rad1 Bd7 17. g3 Qh3 18. Qe2 Ne5 19. a4 Rac8 20. f3 Rfd8 21. g4 Ng6 22. Qe1 h5 23. gxh5 Nf4 24. Qg3 Qxg3 25. hxg3 Nxh5 26. Kg2 Nf6 27. Rh1 Kf8 28. g4 Ke7 29. g5 Ne8 30. Rh7 Ba7 31. Ne2 g6 32. Nf4 Bc6 33. Nxg6+ 1-0

[Event "Wch U20"]
[Site "Medellin"]
[Date "1996.??.??"]
[Round "10"]
[White "Lyrberg, Patrik"]
[Black "Spisak, Czeslaw"]
[Result "1-0"]
[WhiteElo "2415"]
[BlackElo "2345"]
[PlyCount "63"]
[EventDate "1996.11.??"]
[EventType "swiss"]
[EventRounds "13"]
[EventCountry "COL"]
[SourceTitle "Juniors"]
[Source "ChessBase"]
[SourceDate "1999.07.01"]
[SourceVersion "1"]
[SourceVersionDate "1999.07.01"]
[SourceQuality "1"]

1. e4 c5 2. d4 cxd4 3. c3 dxc3 4. Nxc3 Nc6 5. Nf3 e6 6. Bf4 a6 7. Bd3 ({RR} 7. Be2 Nge7 8. Qb3 Ng6 9. Bg3 Be7 10. h4 d6 11. O-O-O Qc7 12. Kb1 Bd7 13. h5 Nge5 14. h6 g6 15. Rc1 Rc8 16. Rhd1 O-O 17. Ne1 Na5 18. Qc2 Nec4 19. Nf3 Qb6 20. Ka1 Rc7 21. b3 Na3 {Nakamura,H (2794)-Niemann,H (2688) chess.com INT 2024 1-0 (44)}) 7... d6 8. e5 $146 ({RR} 8. O-O Nge7 9. Rc1 Ng6 10. Be3 Be7 11. Qe2 O-O 12. Rfd1 Nge5 13. Bb1 Nxf3+ 14. gxf3 Qa5 15. f4 Rd8 16. Qf3 Bf6 17. Qh3 g6 18. f5 Bxc3 19. Rxc3 exf5 20. Rd5 fxe4 21. Rxa5 Bxh3 22. Bb6 Nxa5 {Kruit,E (2024)-Patron,P (1935) Quebec 2014 0-1}) ({RR} 8. a4 Be7 9. O-O e5 10. Be3 Nf6 11. a5 O-O 12. Bb6 Qe8 13. Bc4 h6 14. Qb3 Bd8 15. Rfd1 Bxb6 16. Qxb6 Bg4 17. Ra3 Bxf3 18. gxf3 Qe7 19. Ne2 Nh5 20. Bd5 Rac8 21. Rc3 Nd4 22. Nxd4 exd4 {Tancsa,T (2273)-Szikszai,B (2312) Budapest HUN 2024 0-1}) 8... d5 9. h4 h6 10. h5 Bd7 11. a3 Nge7 12. b4 Nc8 13. g4 b5 14. Rg1 Nb6 15. g5 Bc8 16. Ne2 Nc4 17. Kf1 Bb7 18. Ned4 Nxd4 19. Nxd4 Qb6 20. Bxc4 dxc4 21. g6 O-O-O 22. Be3 Be4 23. Rg4 Qb7 24. gxf7 Bf5 25. Rg1 Qd7 26. Qf3 Qb7 27. Qxb7+ Kxb7 28. Nxf5 exf5 29. Rg6 Be7 30. Rb6+ Kc7 31. Rxa6 Ra8 32. Re6 1-0

[Event "European Blitz 2024"]
[Site "Skopje MKD"]
[Date "2024.12.09"]
[Round "5.53"]
[White "Schneider, Il"]
[Black "Stisis, Y.."]
[Result "1-0"]
[WhiteElo "2414"]
[BlackElo "2273"]
[PlyCount "63"]
[EventDate "2024.12.09"]
[EventType "blitz"]

1. e4 c5 2. Nc3 Nc6 3. Bb5 g6 4. Bxc6 dxc6 5. f4 Bg7 6. Nf3 Nf6 7. O-O O-O 8. d3 b6 9. Qe1 Nd7 ({RR} 9... Ne8 10. Be3 Nc7 11. Qh4 f6 12. Rad1 Nb5 13. Ne2 Qe8 14. c4 Nd6 15. g4 Nf7 16. Kh1 Qd7 17. Rg1 e5 18. f5 g5 19. Qf2 Re8 20. h4 h6 21. Ng3 Kf8 22. Nh5 Bh8 23. Rg2 a5 24. b3 {Hernandez Guerrero,G (2547)-Cubas,J (2485) Caioba 2019 1-0 (34)}) ({RR} 9... Qc7 10. Qh4 Ng4 11. h3 Bf6 12. Qe1 Bd4+ 13. Nxd4 cxd4 14. hxg4 dxc3 15. Qh4 Qd7 16. bxc3 Qxg4 17. Qxe7 Be6 18. Qf6 Qh5 19. f5 gxf5 20. exf5 Bd5 21. c4 Bxg2 22. Bb2 {1-0 (22) Lanzilotta,F (1854)-Comas,M (1716) Montevideo URU 2025}) 10. Qh4 $146 ({RR} 10. f5 Ne5 11. Qh4 Nxf3+ 12. Rxf3 c4 13. Rh3 h5 14. Rg3 cxd3 15. cxd3 e6 16. Bg5 Qd4+ 17. Be3 Qd8 18. Qxd8 Rxd8 19. fxg6 fxg6 20. Rxg6 Kf7 21. Rg3 Rxd3 22. Rf1+ Kg8 23. Rd1 Rxd1+ 24. Nxd1 Kf7 {Sargissyan,S (2269)-Yordanov,L (2307) Chess.com INT 2020 0-1 (38)}) 10... e5 11. Qg3 exf4 12. Bxf4 Re8 13. Bc7 Qf6 14. Ne5 Nxe5 15. Rxf6 Bxf6 16. Rf1 Bg7 17. Nd1 Bd7 18. Qh4 Rac8 19. Bd6 f6 20. Ne3 Re6 21. Bxe5 Rxe5 22. Rxf6 Bxf6 23. Qxf6 Rce8 24. h4 R5e6 25. Qf4 R6e7 26. h5 Rf7 27. Qg5 Kg7 28. h6+ Kg8 29. Nc4 Rfe7 30. Nd6 Re5 31. Qf6 R8e7 32. Nf7 1-0

[Event "Riga Tech op 6th"]
[Site "Riga"]
[Date "2016.08.11"]
[Round "5"]
[White "Weber, Tom"]
[Black "Miezis, Normunds"]
[Result "1-0"]
[WhiteElo "2413"]
[BlackElo "2506"]
[PlyCount "95"]
[EventDate "2016.08.08"]
[EventType "swiss"]
[EventRounds "9"]
[EventCountry "LAT"]
[SourceTitle "CBM 173 Extra"]
[Source "ChessBase"]
[SourceDate "2016.08.29"]
[SourceVersion "1"]
[SourceVersionDate "2016.08.29"]
[SourceQuality "1"]

1. e4 c5 2. Nc3 e6 3. f4 d5 4. Nf3 dxe4 5. Nxe4 Nc6 6. d3 ({RR} 6. b3 Be7 7. Bb2 Nf6 8. Nf2 O-O 9. g3 b6 10. Bg2 Bb7 11. O-O Qc7 12. c4 Nd7 13. Ng4 f5 14. Ne3 Rad8 15. Qe2 Bf6 16. Bxf6 Nxf6 17. Nc2 Rfe8 18. Rad1 e5 19. Nxe5 Nxe5 20. fxe5 Rxe5 {Bricard,E (2461)-Wojtkiewicz,A (2563) Reykjavik 2000 0-1 (35)}) ({RR} 6. b3 Be7 7. Bb2 Nf6 8. Qe2 O-O 9. g3 b6 10. Bg2 Bb7 11. Ne5 Nxe5 12. Nxf6+ Bxf6 13. fxe5 Bxg2 14. Qxg2 Bg5 15. h4 Be7 16. O-O Qd5 17. Rf3 Rad8 18. d3 f5 19. h5 b5 20. a4 c4 {Lux,H (2327)-Gorainow,N (2045) Hastings ENG 2024 ½-½}) 6... Nf6 7. g3 Be7 8. Bg2 $146 ({RR} 8. Nf2 O-O 9. Bg2 Nd5 10. O-O Qc7 11. Ne4 Bd7 12. Qe2 Rad8 13. Kh1 Bc8 14. Qf2 b6 15. Nfg5 f6 16. Nh3 e5 17. f5 Nd4 18. g4 Nb4 19. c3 Nxd3 20. Qh4 Nc2 21. Bd2 Nxa1 22. g5 fxg5 {Bennett,H (2093)-Minaya Molano,J (2278) Calvia 2004 0-1 (37)}) ({RR} 8. Qe2 O-O 9. Bg2 Qc7 10. c3 b6 11. O-O Rd8 12. Rd1 Bb7 13. Be3 Na5 14. Nfg5 h6 15. Nxf6+ Bxf6 16. Bxb7 Nxb7 17. Ne4 Be7 18. Rd2 f5 19. Nf2 Bf6 20. Rad1 Qc6 21. d4 c4 22. Qf1 Qd5 {Seletsky,G (2272)-Suvorov,A (2363) Chess.com INT 2021 0-1 (44)}) 8... Nxe4 9. dxe4 Qxd1+ 10. Kxd1 b6 11. c3 Ba6 12. Kc2 O-O-O 13. Ne1 Rd7 14. Be3 Rhd8 15. Bf3 Rc7 16. Bf2 Nb4+ 17. cxb4 cxb4+ 18. Kb1 Kb8 19. a4 b3 20. a5 Bb7 21. Ra4 Rdc8 22. Nd3 Ba6 23. Rd4 bxa5 24. Be3 Rd8 25. Rxd8+ Bxd8 26. Nc5 Bb5 27. Nxb3 Bd3+ 28. Ka1 Rc4 29. Nc5 Bb6 30. Nxd3 Bxe3 31. Kb1 f6 32. Re1 Bb6 33. e5 Rd4 34. Kc2 f5 35. b3 Kc7 36. Ra1 h6 37. h4 Kd8 38. Ra4 Rd7 39. h5 Ke7 40. Rc4 Be3 41. Rc6 Rd8 42. g4 Rd4 43. gxf5 exf5 44. Rc7+ Kd8 45. Rxg7 Rd7 46. Rxd7+ Kxd7 47. Bd5 Ke7 48. Kc3 1-0

[Event "FRA-chT Top 12"]
[Site "Belfort"]
[Date "2012.06.10"]
[Round "11.7"]
[White "Flom, Gabriel"]
[Black "Marzolo, Cyril"]
[Result "1-0"]
[WhiteElo "2412"]
[BlackElo "2450"]
[PlyCount "43"]
[EventDate "2012.05.31"]
[EventType "team-tourn"]
[EventRounds "11"]
[EventCountry "FRA"]
[SourceTitle "CBM 148 Extra"]
[Source "ChessBase"]
[SourceDate "2012.06.22"]
[SourceVersion "1"]
[SourceVersionDate "2012.06.22"]
[SourceQuality "1"]
[WhiteTeam "Deauvillais Echiquier"]
[BlackTeam "Marseille Echecs"]
[WhiteTeamCountry "FRA"]
[BlackTeamCountry "FRA"]

1. e4 c5 2. d4 cxd4 3. c3 dxc3 4. Nxc3 Nc6 5. Nf3 e6 6. Bc4 Qc7 7. O-O Nf6 8. Bg5 a6 9. Bb3 ({RR} 9. Bxf6 gxf6 10. Bb3 b5 11. Qd2 Rg8 12. Rac1 Qb6 13. Qf4 Rg6 14. Rcd1 Bb7 15. Nh4 Rg8 16. Nf5 Ne5 17. Ne3 Rg6 18. Kh1 Bh6 19. Qh4 O-O-O 20. Nc2 b4 21. Na4 Qa5 22. Rd4 Qb5 23. Rg1 Rdg8 {Khin,T (2509)-Htun,H (2499) Yangon 1999 0-1}) ({RR} 9. Rc1 Be7 10. Qe2 Ng4 11. Nd5 exd5 12. exd5 O-O 13. dxc6 Bxg5 14. cxb7 Qe5 15. Nxe5 {1-0 (15) Lopez Perdomo,J (2020)-Fernandez Garcia,G (2172) chess.com INT 2023}) 9... Bd6 10. Rc1 Ng4 $146 ({RR} 10... Bf4 11. Bxf4 Qxf4 12. Re1 Ne5 13. Nxe5 Qxe5 14. Na4 O-O 15. Nb6 Rb8 16. Qc2 g6 17. Qc7 Ng4 18. h3 Qxc7 19. Rxc7 Ne5 20. f4 Nc6 21. Rd1 Rd8 22. e5 Kf8 23. Ba4 Ke7 24. Nxc8+ Rbxc8 25. Rxb7 {Hernandez Alvarez,T (2174)-Fleites Marti,Y (2209) Havana 2002 ½-½ (53)}) 11. h3 h6 12. Bd2 Nf6 13. Re1 Qb8 14. Qe2 Nh7 15. Nd5 b5 16. e5 Bf8 17. Qe4 a5 18. Nd4 a4 19. Nxc6 dxc6 20. Rxc6 Bd7 21. Nc7+ Kd8 22. Rb6 1-0

[Event "Vienna op"]
[Site "Vienna"]
[Date "2015.08.22"]
[Round "8"]
[White "Hauge, Lars Oskar"]
[Black "Bressac, Stephane"]
[Result "1-0"]
[WhiteElo "2411"]
[BlackElo "2286"]
[PlyCount "73"]
[EventDate "2015.08.15"]
[EventType "swiss"]
[EventRounds "9"]
[EventCountry "AUT"]
[SourceTitle "EXT 2016"]
[Source "ChessBase"]
[SourceDate "2015.10.08"]
[SourceVersion "1"]
[SourceVersionDate "2015.10.08"]
[SourceQuality "1"]

1. e4 c5 2. Nc3 Nc6 3. f4 g6 4. Nf3 Bg7 5. Bb5 Nf6 6. Bxc6 dxc6 7. O-O O-O 8. d3 Bg4 9. Qe1 Bxf3 $146 ({RR} 9... c4 10. Ne5 cxd3 11. cxd3 c5 12. Be3 Rc8 13. Qf2 Be6 14. Bxc5 Ng4 15. Nxg4 Bxg4 16. Bxa7 Qxd3 17. Rfe1 Bxc3 18. bxc3 Rxc3 19. h3 Rc2 20. Qe3 Qxe3+ 21. Rxe3 Be6 22. Bd4 Rd8 23. Bc3 Rxa2 24. Rxa2 {Ruge,E (2201)-Vasques,A (2213) Chess.com INT 2022 ½-½ (53)}) ({RR} 9... Nd7 10. Nd2 Nb6 11. f5 gxf5 12. exf5 Qd4+ 13. Kh1 e6 14. f6 Bxf6 15. Nde4 Bg7 16. Be3 Qd8 17. Qg3 Bf5 18. Bg5 Qb8 19. Bf4 e5 20. Nf6+ Kh8 21. Bxe5 Qc8 22. Qg5 Bg6 23. Nh5 Rg8 24. Nxg7 {Rom,J (2163)-Vu,T (1875) chess.com INT 2025 1-0 (33)}) ({RR} 9... c4 10. Ne5 cxd3 11. cxd3 c5 12. Be3 Rc8 13. Qf2 Be6 14. Bxc5 Ng4 15. Nxg4 Bxg4 16. Bxa7 Qxd3 17. Rfe1 Bxc3 18. bxc3 Rxc3 19. h3 Rc2 20. Qe3 Qxe3+ 21. Rxe3 Be6 22. Bd4 Rd8 23. Bc3 Rxa2 24. Rxa2 {Ruge,E (2201)-Vasques,A (2213) Chess.com INT 2022 ½-½ (53)}) 10. Rxf3 c4 11. Rh3 cxd3 12. cxd3 Qd4+ 13. Be3 Qxd3 14. Qh4 h5 15. Bc5 Qc4 16. Bxe7 Qd4+ 17. Kh1 Ng4 18. Rf3 Rfe8 19. h3 Nf2+ 20. Rxf2 Rxe7 21. Rd1 Qb4 22. a3 Qb6 23. e5 Ree8 24. Rfd2 Qe3 25. Rd3 Qb6 26. R3d2 Qe3 27. Rd3 Qb6 28. R1d2 Qc5 29. Rd7 Qc4 30. Qg5 b6 31. Kh2 h4 32. R7d4 Qf1 33. Qxh4 f6 34. Rd7 Rf8 35. Rxg7+ Kxg7 36. Rd7+ Rf7 37. Qxf6+ 1-0

[Event "Komsomolsky"]
[Site "Komsomolsky"]
[Date "2009.05.15"]
[Round "6"]
[White "Musalov, Ruslan"]
[Black "Barsegian, Ararat"]
[Result "1-0"]
[WhiteElo "2411"]
[BlackElo "2210"]
[PlyCount "47"]
[EventDate "2009.05.15"]
[EventType "tourn"]
[EventRounds "9"]
[EventCountry "RUS"]
[SourceTitle "EXT 2022"]
[Source "ChessBase"]
[SourceDate "2021.10.06"]
[SourceVersion "1"]
[SourceVersionDate "2021.10.06"]
[SourceQuality "1"]

1. e4 c5 2. d4 cxd4 3. c3 dxc3 4. Nxc3 Nc6 5. Nf3 e6 6. Bc4 Qc7 7. Qe2 Nf6 8. e5 Ng4 9. Bf4 f6 10. Nd5 ({RR} 10. O-O Ngxe5 11. Nb5 Qb8 12. Rfe1 a6 13. Nbd4 Nxf3+ 14. Qxf3 Nxd4 15. Qe4 Qa7 16. Be3 Bc5 17. Rad1 O-O 18. Rxd4 d5 19. Rxd5 Bxe3 20. Rxe3 exd5 21. Bxd5+ Kh8 {0-1 (21) Andreassen,L (2168)-Seletsky,G (2214) chess.com INT 2024}) 10... Qa5+ 11. Bd2 Qd8 12. Bc3 $146 ({RR} 12. exf6 Nxf6 13. O-O Nxd5 14. Bxd5 Be7 15. Bb3 O-O 16. Bc3 Bf6 17. Rfd1 d5 18. Rd2 Bd7 19. Rad1 Qe7 20. Qd3 Be8 21. Re2 Bg6 22. Qd2 Be4 23. Nd4 Nxd4 24. Bxd4 Bxd4 25. Qxd4 Qg5 26. Rxe4 dxe4 {Costa,F-Ribeiro,F (2180) Portugal 1993 0-1}) ({RR} 12. exf6 Nxf6 13. O-O Nxd5 14. Bxd5 Be7 15. Bb3 O-O 16. Rad1 d5 17. Bc3 Bf6 18. Nd4 Nxd4 19. Bxd4 Bd7 20. Rfe1 Bxd4 21. Rxd4 Qf6 22. Rd2 Rac8 23. Qd3 Rc5 24. h3 g6 25. Red1 Qf4 26. Qe2 Rfc8 {Hedke,F (2345)-Kolev,A (2500) Groningen 1993 ½-½ (48)}) ({RR} 12. exf6 Nxf6 13. O-O Nxd5 14. Bxd5 Be7 15. Bb3 O-O 16. Rad1 Bf6 17. Bf4 d5 18. Bg3 Bd7 19. Rfe1 Qb6 20. Rd2 Rfe8 21. h4 Nd4 22. Nxd4 Bxd4 23. Qd3 Bf6 24. Bc2 h6 25. Qh7+ Kf8 26. Bg6 Rec8 {Moncher,S-Dorighet,C (2090) Robecchetto 1997 1-0}) 12... f5 13. Nf4 a6 14. a4 Bb4 15. Bxb4 Nxb4 16. O-O O-O 17. Rfd1 Qe7 18. Rd2 b6 19. Rd6 Bb7 20. Rxd7 Bxf3 21. gxf3 Qe8 22. fxg4 Kh8 23. Rc1 fxg4 24. Nxe6 1-0

[Event "Titled Tue 19th Mar Late"]
[Site "chess.com INT"]
[Date "2024.03.19"]
[Round "5"]
[White "Arslanov, S.."]
[Black "Nunez V, G.."]
[Result "1-0"]
[WhiteElo "2410"]
[BlackElo "2226"]
[PlyCount "73"]
[EventDate "2024.03.19"]

1. d4 c5 2. e4 cxd4 3. c3 dxc3 4. Nxc3 Nc6 5. Nf3 e6 6. Bc4 a6 7. O-O b5 8. Bb3 Na5 9. Bd5 exd5 10. exd5 d6 11. Re1+ Be7 12. Bg5 $146 ({RR} 12. Nd4 Bd7 13. Bf4 Kf8 14. Ne4 Nc4 15. Qf3 Nf6 16. Qg3 Nh5 17. Qf3 Nxf4 18. Qxf4 Kg8 19. Rac1 h5 20. b3 Ne5 21. Rc3 Rh6 22. Nf5 Bxf5 23. Qxf5 g6 24. Qh3 Kg7 25. Rec1 Rh8 26. Rc7 Bg5 {Moura,E (2101)-Okamura,M (1974) Sao Paulo 2019 1-0 (37)}) ({RR} 12. Nd4 Bd7 13. Bf4 Kf8 14. Qf3 g5 15. Bg3 h5 16. Ne6+ Bxe6 17. dxe6 Nf6 18. Rad1 Nc4 19. b3 h4 20. Be5 Nxe5 21. Rxe5 dxe5 22. Rxd8+ Rxd8 23. Qb7 b4 {0-1 (23) Garbuz,V (2203)-Gelman,A (2403) chess.com INT 2025}) 12... Kf8 13. Qc1 Bxg5 14. Nxg5 h6 15. Nge4 Bf5 16. Qf4 Bxe4 17. Nxe4 Nb7 18. Rac1 Nf6 19. Ng3 g6 20. b4 Kg7 21. Qd4 Rc8 22. Rc6 Qd7 23. Rec1 Rce8 24. Rc7 Qg4 25. Qxg4 Nxg4 26. Rxb7 Re5 27. h3 Nf6 28. Rcc7 Rf8 29. Ra7 Nxd5 30. Rd7 Nxb4 31. Rxd6 Re1+ 32. Kh2 Ra1 33. f4 Rxa2 34. f5 Re8 35. fxg6 Rf2 36. Nh5+ Kg8 37. g7 1-0

[Event "Moscow op-E"]
[Site "Moscow"]
[Date "2011.02.06"]
[Round "9.60"]
[White "Musalov, Ruslan"]
[Black "Karmov, Mazhmudin"]
[Result "1-0"]
[WhiteElo "2410"]
[BlackElo "2218"]
[PlyCount "73"]
[EventDate "2011.01.29"]
[EventType "swiss"]
[EventRounds "9"]
[EventCountry "RUS"]
[SourceTitle "EXT 2022"]
[Source "ChessBase"]
[SourceDate "2021.10.06"]
[SourceVersion "1"]
[SourceVersionDate "2021.10.06"]
[SourceQuality "1"]

1. e4 c5 2. d4 cxd4 3. c3 dxc3 4. Nxc3 Nc6 5. Bc4 d6 6. Nf3 e6 7. O-O Be7 8. Qe2 Nf6 9. Rd1 e5 10. Bg5 Bg4 11. Nb5 a6 12. Bxf6 gxf6 13. Nc3 Nd4 14. Rxd4 exd4 15. Nd5 Rc8 16. Bb3 Qa5 $146 ({RR} 16... Rg8 17. Qd3 Be6 18. Nxd4 Bxd5 19. Bxd5 Qc7 20. h3 Qc5 21. Qb3 Rg7 22. Nf5 Rg5 23. Bxf7+ Kf8 24. h4 Rg4 25. Bh5 Rg6 26. Bxg6 hxg6 27. Nxe7 Kxe7 28. Qxb7+ Rc7 29. Qxa6 Qd4 30. Qe2 Rb7 31. Rb1 {Beyer,F (2107)-Isserman,R (2270) Bad Homburg 2016 1-0 (51)}) 17. Rd1 Rg8 18. h3 Bxh3 19. Nxd4 Rxg2+ 20. Kh1 Bg4 21. Qe3 Bxd1 22. Kxg2 Bxb3 23. axb3 Qc5 24. Qh3 Qc1 25. Nf5 Bf8 26. Nfe3 Be7 27. Qxh7 Bd8 28. Qg8+ Kd7 29. Qxf7+ Kc6 30. Qe8+ Kc5 31. Qd7 Kd4 32. Qa4+ Kc5 33. Qd7 Kd4 34. Nf5+ Kd3 35. Nb4+ Ke2 36. Ng3+ Kd1 37. Qg4+ 1-0

[Event "SUI-ch"]
[Site "Switzerland"]
[Date "1993.??.??"]
[Round "?"]
[White "Nemet, Ivan"]
[Black "Klauser, Markus"]
[Result "1-0"]
[WhiteElo "2410"]
[BlackElo "2350"]
[PlyCount "71"]
[EventDate "1993.??.??"]
[EventType "tourn"]
[EventRounds "11"]
[EventCountry "SUI"]
[EventCategory "5"]
[SourceTitle "TD"]
[Source "ChessBase"]
[SourceDate "1994.03.01"]
[SourceVersion "1"]
[SourceVersionDate "1994.03.01"]
[SourceQuality "1"]

1. d4 c5 2. e4 cxd4 3. c3 dxc3 4. Nxc3 Nc6 5. Nf3 d6 6. Bc4 e6 7. O-O Be7 8. Qe2 a6 9. Rd1 Bd7 10. a3 ({RR} 10. Bf4 e5 11. Bg3 Nf6 12. a3 O-O 13. Rac1 Rc8 14. Ba2 Qe8 15. b4 Bg4 16. Rd3 Nd4 17. Qd2 Nxf3+ 18. gxf3 Be6 19. Rd1 h6 20. f4 Bxa2 21. Qxa2 Qc6 22. fxe5 dxe5 23. Bxe5 Nxe4 24. Nd5 Rfe8 {Didt,H (1884)-Drusba,W (1726) Leipzig 2014 ½-½ (34)}) 10... h6 $146 ({RR} 10... Qc7 11. Bf4 e5 12. Nd5 Qb8 13. Nb6 exf4 14. e5 dxe5 15. Nxd7 Qc7 16. Nfxe5 Nxe5 17. Nxe5 Nh6 18. Rd7 f3 19. gxf3 Qc5 20. b4 Qb6 21. Rxe7+ Kxe7 22. Nxf7+ Kf6 23. Qe5+ {1-0 (23) De Souza,M-Junior,B Brazil 1997}) ({RR} 10... Rc8 11. Bf4 e5 12. Be3 Nf6 13. Rac1 O-O 14. h3 Be6 15. Nd5 Bxd5 16. exd5 Nb8 17. b4 b5 18. Bb3 Qd7 19. Bc2 Qb7 20. Ng5 Nbd7 21. Qd3 h6 22. Nh7 Rfe8 23. Nxf6+ Nxf6 24. Qd2 Qd7 25. g4 {Equidistance (2452)-Sophistry,R (2403) Playchess.com INT 2006 ½-½ (47)}) ({RR} 10... Rc8 11. Ba2 h6 12. Bf4 e5 13. Be3 Nf6 14. h3 O-O 15. Nd2 b5 16. a4 Rb8 17. axb5 axb5 18. Rac1 Qa5 19. Bb3 Rfc8 20. Ra1 Qd8 21. Nd5 Nxd5 22. Bxd5 Nb4 23. Bb3 Nc2 24. Ra7 Nxe3 25. Qxe3 {Lenhard,M-Dausch,R (2306) Boeblingen 1999 0-1 (40)}) 11. Bf4 e5 12. Be3 Nf6 13. Nh4 b5 14. Ba2 Rc8 15. Nf5 Bxf5 16. exf5 O-O 17. g4 b4 18. axb4 Nxb4 19. Bb3 Nh7 20. Qd2 Rb8 21. Ne4 d5 22. Bxd5 Nxd5 23. Qxd5 Qxd5 24. Rxd5 Rb4 25. Rxe5 Bf6 26. Bc5 Rc4 27. Nxf6+ gxf6 28. Bxf8 Rxg4+ 29. Kh1 fxe5 30. Bxh6 Nf6 31. Rxa6 Ne4 32. Be3 Ng5 33. Ra8+ Kg7 34. f6+ Kxf6 35. Rg8 Kf5 36. Rxg5+ 1-0

[Event "Paris Apsap op 82nd"]
[Site "Paris"]
[Date "2005.??.??"]
[Round "4"]
[White "Shirazi, Kamran"]
[Black "Laubsch, Bernd"]
[Result "1-0"]
[WhiteElo "2410"]
[BlackElo "2324"]
[PlyCount "49"]
[EventDate "2005.08.09"]
[EventType "swiss"]
[EventRounds "7"]
[EventCountry "FRA"]
[SourceTitle "EXT 2007"]
[Source "ChessBase"]
[SourceDate "2006.11.23"]
[SourceVersion "1"]
[SourceVersionDate "2006.11.23"]
[SourceQuality "1"]

1. e4 c5 2. d4 cxd4 3. c3 dxc3 4. Nxc3 e6 5. Nf3 Nc6 6. Bc4 a6 7. O-O Nge7 8. Bg5 f6 9. Bf4 ({RR} 9. Bh4 b5 10. Bb3 Bb7 11. a3 Rc8 12. Qe2 Ng6 13. Bg3 Bc5 14. Rfd1 Qe7 15. Rac1 Nge5 16. Nxe5 fxe5 17. Ba2 O-O 18. Nd5 exd5 19. exd5 Kh8 20. dxc6 Bxc6 21. b4 Bb6 22. Rc2 Rce8 23. Bd5 Bxd5 {Senador,E (2393)-Ghaem Maghami,E (2585) Manila 2010 1-0}) 9... Ng6 10. Bg3 Be7 ({RR} 10... b5 11. Bd5 Bb7 12. Qe2 Bb4 13. Rad1 Qe7 14. Bxc6 Bxc6 15. a3 Bxc3 16. bxc3 e5 17. h4 O-O 18. h5 Nh8 19. Bf4 exf4 20. Rfe1 Nf7 21. Nh4 Nh6 22. Qf3 Qe5 23. Rd4 Rae8 24. Qh3 f5 25. f3 {Purygin,A (2335)-Omariev,M (2304) chess.com INT 2025 0-1}) 11. Rc1 $146 ({RR} 11. Nd4 O-O 12. Nf5 Bb4 13. Nd6 Nge5 14. Bb3 Qc7 15. Nc4 Kh8 16. Rc1 b5 17. Ne3 Qb6 18. Kh1 Bb7 19. f4 Nf7 20. Bf2 Qc7 21. f5 Rad8 22. Qh5 Rde8 23. Ne2 Ng5 24. Bg3 Qb6 25. Ng4 Nxe4 {Corbin,P (2205)-Rechlis,G (2515) Thessaloniki 1988 ½-½ (70)}) ({RR} 11. a3 O-O 12. Ba2 b5 13. Nd5 Nge5 14. Nxe7+ Qxe7 15. Nd2 Bb7 16. f4 Nf7 17. Nf3 Na5 18. e5 Bxf3 19. Rxf3 fxe5 20. fxe5 Nc6 21. Rc1 Rac8 22. Rd3 Rfd8 23. Qe1 Nd4 24. Rdc3 Rxc3 25. Rxc3 Nf5 {Shirazi,K (2352)-Purenne,B (2006) Avoine 2011 1-0 (39)}) ({RR} 11. Qe2 O-O 12. Rfd1 Qa5 13. a4 Qh5 14. Rac1 Nge5 15. Nxe5 Qxe2 16. Bxe2 fxe5 17. f3 d6 18. Bf2 Bd7 19. Bc4 Rac8 20. Ba2 Nb4 21. Bb3 Kf7 22. Kf1 Rc6 23. a5 Rcc8 24. Na4 Bb5+ 25. Kg1 Nd3 {Kowalczyk,P (2332)-Niemann,H (2642) Chess.com INT 2022 0-1 (39)}) 11... O-O 12. Nd5 exd5 13. exd5 Nce5 14. d6+ Nxc4 15. Rxc4 Rf7 16. dxe7 Nxe7 17. Bc7 Qe8 18. Bd6 b5 19. Rc7 Qd8 20. Re1 Nf5 21. Bc5 g6 22. Bb6 Kg7 23. g4 Nh6 24. g5 Nf5 25. Nd4 1-0

[Event "Ho Chi Minh City HD Bank op 1st"]
[Site "Ho Chi Minh City"]
[Date "2011.01.07"]
[Round "6"]
[White "Senador, Emmanuel"]
[Black "Shao, Shuai"]
[Result "1-0"]
[WhiteElo "2408"]
[BlackElo "2222"]
[PlyCount "125"]
[EventDate "2011.01.04"]
[EventType "swiss"]
[EventRounds "9"]
[EventCountry "VIE"]
[SourceTitle "CBM 140 Extra"]
[Source "ChessBase"]
[SourceDate "2011.03.01"]
[SourceVersion "1"]
[SourceVersionDate "2011.03.01"]
[SourceQuality "1"]

1. e4 c5 2. d4 cxd4 3. c3 dxc3 4. Nxc3 e6 5. Nf3 a6 6. Bc4 Ne7 7. Bg5 f6 ({RR} 7... Qc7 8. Bb3 Ng6 9. Rc1 Nc6 10. O-O Bd6 11. Nd5 exd5 12. exd5 O-O 13. Re1 h6 14. Be3 Qd8 15. dxc6 dxc6 16. Rc4 Bc7 17. Qc1 Be6 18. Bd4 Bxc4 19. Qxc4 Nh4 20. Nxh4 Qxh4 21. g3 Qg5 22. Re4 {Senador,E (2390)-Sermek,D (2509) Kuala Lumpur 2008 0-1 (43)}) 8. Bh4 Ng6 9. Bg3 Nc6 $146 ({RR} 9... Be7 10. O-O O-O 11. Qe2 b5 12. Bb3 Kh8 13. Rad1 Qe8 14. h4 Nc6 15. h5 Nge5 16. Nh4 Bc5 17. Bxe5 fxe5 18. g3 Rf6 19. Rd3 Nd4 20. Qd1 Bb7 21. Kg2 b4 22. Na4 Bxe4+ 23. f3 Bxd3 24. Qxd3 {Reinwald,P (2096)-Hausner,I (2460) Austria 2010 0-1}) ({RR} 9... Be7 10. O-O Nc6 11. Qe2 b5 12. Bb3 Na5 13. Bc2 O-O 14. Rfd1 Qb6 15. Rac1 Nc4 16. Bb1 d6 17. b3 Na3 18. Bd3 Bb7 19. h4 Ne5 20. Nxe5 dxe5 21. h5 Rac8 22. h6 g6 23. Qg4 f5 24. Qh3 {Bornholdt,J (2268)-Jimenez,M (1939) chess.com INT 2024 1-0 (51)}) 10. O-O b5 11. Bb3 Be7 12. Nd5 Nge5 13. Nxe7 Qxe7 14. Nd4 O-O 15. Nf5 Qb4 16. f4 Nf7 17. a3 Qxe4 18. Bc2 Qd5 19. Qxd5 exd5 20. Rad1 g6 21. Ne3 d4 22. Nd5 Kg7 23. Bf2 Bb7 24. Nb6 Rad8 25. Bxd4 Nxd4 26. Rxd4 d6 27. Rfd1 Rfe8 28. R1d2 Re3 29. Kf2 Rde8 30. a4 bxa4 31. Nc4 R3e6 32. Bxa4 Rd8 33. Na5 Ba8 34. Nc6 Rc8 35. Nb4 Re4 36. Nxa6 Bc6 37. Rxe4 Bxe4 38. Bd1 f5 39. b4 Kf6 40. Bb3 Rd8 41. b5 d5 42. Ke3 Nd6 43. b6 Nb5 44. Rd4 Nxd4 45. Kxd4 Rd7 46. Nc5 Rd8 47. b7 g5 48. g3 gxf4 49. gxf4 Kg6 50. Nd7 Kh5 51. Bd1+ Kh4 52. b8=Q Rxb8 53. Nxb8 Kh3 54. Nc6 Kxh2 55. Ke5 Kg3 56. Nd4 Kf2 57. Nxf5 Bg2 58. Bg4 Be4 59. Nd4 Kg3 60. Bf5 h5 61. Bxe4 dxe4 62. Kxe4 h4 63. Nf3 1-0